000
00246 a2200097 4500
001
15727
100
_a
Rahman Atiqur
245
_a
Reflection on the principle of surprise and deception
260
_a
_b
Wajid Alis Lahore
_c
090
_c
12285
_d
12285
942
_a
NUST-CAE
_c
M
_c
2542
999
_c
250800
_d
250800